000 00277nam a2200109Ia 4500
001 589106
005 20250717120842.0
008 250717s9999 xx 000 0 und d
245 0 _aX-3 ALTIN YILDIZ YARIŞMASI
_cALICE HEMMING
260 _bİNDİGO YAYINLARI
_c2018
300 _b20
999 _c589106
_d589106